| 000 | 00727nam a22002057a 4500 | ||
|---|---|---|---|
| 003 | OSt | ||
| 005 | 20221005173907.0 | ||
| 008 | 221005b |||||||| |||| 00| 0 eng d | ||
| 040 | _cBiblioteca Lado V | ||
| 082 |
_a709.809.04 _bR173i |
||
| 100 |
_973 _aCarmen Ramirez, Mari _eaoutora |
||
| 245 |
_aInaerted Utopias/ _bAvant-Garde art in Latin America/ |
||
| 260 |
_aHouston _bThe Museum of Fine Arts _c2004 |
||
| 300 |
_a586p. _c24x29cm |
||
| 650 |
_2Tesauro de Arte & Arquitectura _aARTE LATINOAMERICANO |
||
| 650 |
_2Tesauro de Arte & Arquitectura _aARTE VANGUARDISTA |
||
| 650 |
_2Tesauro de Arte & Arquitectura _aPINTURA |
||
| 700 |
_974 _aOlea, Hector _ecoautor |
||
| 942 |
_2ddc _c1 _i709.809.04 _kR173i _n0 |
||
| 999 |
_c2183 _d2183 |
||